000 00453cam a2200145 4500500
005 20260329005359.0
041 _afre
042 _adc
100 1 0 _aDreyfus, Arthur
_eauthor
245 0 0 _aFinir par aimer
260 _c2021.
500 _a6
786 0 _nRevue des deux Mondes | Juillet-Août | 5 | 2021-07-01 | p. 96-103 | 2266-4734
856 4 1 _uhttps://shs.cairn.info/revue-revue-des-deux-mondes-2021-5-page-96?lang=fr&redirect-ssocas=7080
999 _c1842849
_d1842849